000 00420nam a2200157 i 4500
001 99743
003 ES-MaACL
005 20230906182540.0
007 t|
008 050915s1922 ag ||||1| spa d
100 1 _aMartínez Estrada, Ezequiel.
_978074
245 1 0 _aNefelibal /
_cEzequiel Mártinez Estrada.
260 _aBuenos Aires :
_bMercatali,
_c1922.
300 _a158 p. ;
_c19 cm.
852 _aES-MaACL
_jF-5108
999 _c99743
_d99743